000 00594nam a2200205 a 4500
005 20140310183545.0
008 111114s19uu xx 00 eng d
020 _a9781412960977
050 _aP 91.3
_b.P75 2010
100 _aPriest, Susanna Hornig
245 _aDoing media research :
_ban introduction /
_cSusanna Hornig Priest.
250 _a2nd ed.
260 _aCalifornia :
_bSage,
_c2010.
300 _a248 p.:
_bill. ;
_c26 cm.
521 _aMC
650 _aMass media
_xResearch
_xMethodology
650 _aSocial sciences
_xMethodolgy
942 _cBK
_2lcc
_kFOR
999 _c24862
_d24862